Hobson and underconsumption.

Bibliographic Details
Main Author: Nemmers, Erwin Esser, 1916-1988
Format: Book
Language:English
Published: Amsterdam : North-Holland Pub. Co., 1956.
Subjects:

MARC

Tag First Indicator Second Indicator Subfields
LEADER 00000cam a2200000 4500
001 in00000064733
005 20151008050709.0
008 711102s1956 ne 00000 eng u
010 |a  57004450  
035 |a (OCoLC)00167993 
035 |9 AAG2709AM 
040 |c WSU  |d TXA  |d UtOrBLW 
049 |a TXAM  |c [287118] 
050 0 |a HB801  |b .N4 1956 
092 |a 339.4  |b N434h 
100 1 |a Nemmers, Erwin Esser,  |d 1916-1988. 
245 1 0 |a Hobson and underconsumption. 
264 1 |a Amsterdam :  |b North-Holland Pub. Co.,  |c 1956. 
300 |a 152 pages 
336 |a text  |b txt  |2 rdacontent 
337 |a unmediated  |b n  |2 rdamedia 
338 |a volume  |b nc  |2 rdacarrier 
600 1 0 |a Hobson, J. A.  |q (John Atkinson),  |d 1858-1940. 
650 0 |a Consumption (Economics) 
999 |a MARS 
999 f f |s 0feb98c0-5da9-3b4d-be67-549f5d39a652  |i 24cfb369-b636-3c86-af70-5339bed102f9  |t 0 
952 f f |p ric  |a Texas A&M University  |b Rellis Campus  |c Joint Library Facility  |d Remote Storage  |t 0  |e HB801 .N4 1956  |h Library of Congress classification  |i unmediated -- volume  |m A14800778626 
998 f f |a HB801 .N4 1956  |t 0  |l Remote Storage